[Event "Zonal 2.5 Absoluto"]
[Site "Asuncion"]
[Date "2009.06.14"]
[Round "5"]
[White "Gamarra, Ramon"]
[Black "Roman, Rodrigo"]
[Result "1/2-1/2"]
[WhiteElo "1990"]
[BlackElo "1848"]
[PlyCount "156"]
[EventDate "2009.06.10"]
[EventType "team"]
[EventRounds "9"]
[EventCountry "PAR"]
[SourceDate "2009.06.10"]

1. Nf3 Nf6 2. g3 g6 3. Bg2 Bg7 4. c4 O-O 5. O-O d6 6. d4 Na6 7. Nc3 c5 8. e3
Nc7 9. b3 a6 10. Bb2 Rb8 11. dxc5 dxc5 12. Qe2 e6 13. Rad1 Qe7 14. Rd2 Nd7 15.
h4 b5 16. Rfd1 bxc4 17. Qxc4 Nb6 18. Qe2 Bb7 19. Ng5 Ncd5 20. Nxd5 exd5 21.
Bxg7 Kxg7 22. Qd3 h6 23. Nh3 g5 24. Qc3+ Kg8 25. hxg5 hxg5 26. Rc1 c4 27. Qa5
d4 28. Rxd4 cxb3 29. axb3 f6 30. Qf5 Rf7 31. Bxb7 Rxb7 32. Rc6 Kg7 33. Rdd6 Nd7
34. Rxa6 Rxb3 35. Kg2 Ne5 36. Qe4 Qb7 37. Qxb7 Rbxb7 38. Rdb6 Rbc7 39. Rb5 Ng6
40. Ng1 Rc2 41. Nf3 Ne7 42. Nd4 Rc1 43. Ra7 Ng8 44. Ra6 Nh6 45. Rb4 Kg6 46. Nf3
Kg7 47. g4 Rd1 48. Kg3 Rc1 49. e4 Rc3 50. Rab6 Kg6 51. e5 Ng8 52. Kg2 Nh6 53.
exf6 Rxf6 54. Ne5+ Kg7 55. Rb7+ Nf7 56. f3 Re3 57. R4b5 Rxe5 58. Rxe5 Kg6 59.
Ree7 Rf4 60. Rb6+ Kg7 61. Kf2 Kf8 62. Ra7 Rc4 63. Rb1 Kg7 64. Rbb7 Rf4 65. Ke3
Kg6 66. Rxf7 Rxf7 67. Rxf7 Kxf7 68. f4 gxf4+ 69. Kxf4 Kf6 70. g5+ Kg6 71. Kg4
Kg7 72. Kf5 Kf7 73. g6+ Kg7 74. Kg5 Kg8 75. Kf6 Kf8 76. Kg5 Kg7 77. Kh5 Kg8 78.
Kh6 Kh8 1/2-1/2

[Event "Zonal 2.5 Absoluto"]
[Site "Asuncion"]
[Date "2009.06.14"]
[Round "5"]
[White "Butti, Enrique"]
[Black "Daneri, Martin"]
[Result "0-1"]
[WhiteElo "2100"]
[BlackElo "2149"]
[PlyCount "94"]
[EventDate "2009.06.10"]
[EventType "team"]
[EventRounds "9"]
[EventCountry "PAR"]
[SourceDate "2009.06.10"]

1. d4 Nf6 2. c4 g6 3. Nc3 Bg7 4. e4 d6 5. h3 O-O 6. Bg5 Na6 7. Bd3 e5 8. d5 h6
9. Be3 Nh5 10. g3 Nc5 11. Bc2 a5 12. Qd2 Kh7 13. Nge2 f5 14. exf5 Bxf5 15. Bxf5
gxf5 16. g4 Nf4 17. Bxf4 exf4 18. Qc2 f3 19. Ng3 Bxc3+ 20. bxc3 Qe7+ 21. Kf1
Rae8 22. gxf5 Kh8 23. Qd1 Ne4 24. Qd4+ Kh7 25. Rg1 Nxg3+ 26. Rxg3 Rxf5 27. Kg1
Rg5 28. Qd3+ Qe4 29. Rd1 a4 30. Kh2 Rxg3 31. Qxe4+ Rxe4 32. Kxg3 Re2 33. Kxf3
Rxa2 34. Re1 Rc2 35. Re7+ Kg6 36. Rxc7 Rxc3+ 37. Kg2 b5 38. Rc6 Rxc4 39. Rxd6+
Kg5 40. Rb6 b4 41. d6 Kf6 42. d7+ Ke7 43. Rxh6 a3 44. Ra6 Rc2 45. h4 a2 46. h5
b3 47. h6 Kxd7 0-1

[Event "Zonal 2.5 Absoluto"]
[Site "Asuncion"]
[Date "2009.06.14"]
[Round "5"]
[White "Benitez, Jose"]
[Black "Sartori, Sergio"]
[Result "0-1"]
[WhiteElo "1939"]
[BlackElo "2051"]
[PlyCount "78"]
[EventDate "2009.06.10"]
[EventType "team"]
[EventRounds "9"]
[EventCountry "PAR"]
[SourceDate "2009.06.10"]

1. d4 d6 2. e4 Nf6 3. Bd3 g6 4. f3 Bg7 5. Be3 O-O 6. Qd2 e5 7. d5 Nh5 8. Bg5 f6
9. Bh6 f5 10. Bg5 Bf6 11. Bxf6 Qxf6 12. g3 Nd7 13. Nc3 Nc5 14. Nge2 fxe4 15.
Bxe4 Nxe4 16. fxe4 Qf2+ 17. Kd1 Qg2 18. Qe1 Bg4 19. Qg1 Bxe2+ 20. Nxe2 Qxe4 21.
Nc3 Qf3+ 22. Kc1 Qf2 23. Qd1 Rad8 24. Kb1 e4 25. a3 e3 26. Ne2 Qg2 27. Ka2 Rf2
28. Re1 Qxh2 29. Nd4 Rd2 30. Qg4 Qxg3 31. Qxg3 Nxg3 32. Ne6 Nf5 33. Nxc7 Rc8
34. Nb5 Rcxc2 35. Rab1 a6 36. Na7 Rxd5 37. Rec1 Rdd2 38. Rxc2 Rxc2 39. Kb3 Rc7
0-1

[Event "Zonal 2.5 Absoluto"]
[Site "Asuncion"]
[Date "2009.06.14"]
[Round "5"]
[White "Latorre, Matias"]
[Black "Perez Ferloni, Jose"]
[Result "1-0"]
[WhiteElo "2041"]
[BlackElo "1916"]
[PlyCount "137"]
[EventDate "2009.06.10"]
[EventType "team"]
[EventRounds "9"]
[EventCountry "PAR"]
[SourceDate "2009.06.10"]

1. Nf3 d5 2. b3 c5 3. Bb2 Nc6 4. e3 Nf6 5. Be2 Bg4 6. d4 e6 7. O-O Be7 8. h3
Bh5 9. c4 O-O 10. Nbd2 Rc8 11. Rc1 Qa5 12. Bc3 Qb6 13. dxc5 Qxc5 14. cxd5 Qxd5
15. Bc4 Qd7 16. Qe2 Rfd8 17. Rfd1 Qc7 18. Bb2 a6 19. g4 Bg6 20. Nh4 b5 21. Nxg6
hxg6 22. Bd3 Qb7 23. Nf3 Nb4 24. Bb1 Rxc1 25. Rxc1 Nbd5 26. Ne5 Rc8 27. Rxc8+
Qxc8 28. Qc2 Qxc2 29. Bxc2 b4 30. Nc6 Bc5 31. Bd3 Nc7 32. Be5 Nfd5 33. Bd4 Bf8
34. Nb8 Nb5 35. Bb2 Ndc7 36. Nxa6 Nxa6 37. Bxb5 Nc7 38. Bc4 Bd6 39. Kg2 g5 40.
Kf3 Kf8 41. Ke4 Ke7 42. f4 gxf4 43. exf4 Ne8 44. Be5 Bc5 45. Bd4 Bd6 46. f5
Nf6+ 47. Kd3 exf5 48. gxf5 Nh5 49. Ba6 Nf4+ 50. Kc4 Nxh3 51. Bc5 Ng5 52. Bxb4
Ne4 53. Be1 Nc5 54. Bh4+ f6 55. Bb5 Ne4 56. Kd4 Ng5 57. Be2 Ba3 58. Be1 Kd6 59.
b4 Nf7 60. Kc3 Ne5 61. Kb3 Bc1 62. a4 Be3 63. a5 Nc6 64. Kc4 Nd4 65. Bg3+ Kd7
66. Bd3 Nc6 67. Bc2 Bd2 68. Ba4 Be3 69. Kd5 1-0

[Event "Zonal 2.5 Absoluto"]
[Site "Asuncion"]
[Date "2009.06.15"]
[Round "6"]
[White "Mareco, Sandro"]
[Black "Morovic, Ivan"]
[Result "1/2-1/2"]
[WhiteElo "2512"]
[BlackElo "2551"]
[PlyCount "48"]
[EventDate "2009.06.10"]
[EventType "team"]
[EventRounds "9"]
[EventCountry "PAR"]
[SourceDate "2009.06.10"]

1. d4 Nf6 2. c4 e6 3. Nc3 Bb4 4. e3 O-O 5. Bd3 Nc6 6. Nf3 d6 7. O-O Bxc3 8.
bxc3 e5 9. Nd2 Re8 10. Qc2 h6 11. Bb2 b6 12. a3 Na5 13. e4 Ba6 14. Rfe1 Qd7 15.
a4 Qe6 16. Ba3 Bxc4 17. Nxc4 Nxc4 18. Bb4 d5 19. exd5 Qxd5 20. Qa2 Na5 21. Qxd5
Nxd5 22. dxe5 Red8 23. Rad1 Nc6 24. Be4 Ndxb4 1/2-1/2

[Event "Zonal 2.5 Absoluto"]
[Site "Asuncion"]
[Date "2009.06.15"]
[Round "6"]
[White "Felgaer, Ruben"]
[Black "Bachmann, Axel"]
[Result "1/2-1/2"]
[WhiteElo "2561"]
[BlackElo "2555"]
[PlyCount "34"]
[EventDate "2009.06.10"]
[EventType "team"]
[EventRounds "9"]
[EventCountry "PAR"]
[SourceDate "2009.06.10"]

1. c4 c5 2. g3 Nc6 3. Bg2 g6 4. Nc3 Bg7 5. b3 d6 6. Bb2 e5 7. e3 Nge7 8. Nge2
Be6 9. O-O O-O 10. Nd5 Qd7 11. d3 Bh3 12. Bxh3 Qxh3 13. Nec3 Qd7 14. Rb1 Nxd5
15. Nxd5 f5 16. f4 Rad8 17. Qd2 Ne7 1/2-1/2

[Event "Zonal 2.5 Absoluto"]
[Site "Asuncion"]
[Date "2009.06.15"]
[Round "6"]
[White "Lafuente, Pablo"]
[Black "Flores, Diego"]
[Result "1/2-1/2"]
[WhiteElo "2517"]
[BlackElo "2585"]
[PlyCount "48"]
[EventDate "2009.06.10"]
[EventType "team"]
[EventRounds "9"]
[EventCountry "PAR"]
[SourceDate "2009.06.10"]

1. d4 Nf6 2. c4 e6 3. Nf3 b6 4. Nc3 Bb4 5. Bg5 Bb7 6. Nd2 h6 7. Bh4 c5 8. a3
cxd4 9. axb4 dxc3 10. bxc3 O-O 11. e4 d6 12. f4 Nbd7 13. Bd3 Qc7 14. O-O b5 15.
cxb5 Qxc3 16. Qe2 Qxb4 17. Rfb1 Qc5+ 18. Bf2 Qc7 19. Bxa7 Bxe4 20. Nxe4 Rxa7
21. b6 Nxb6 22. Nxf6+ gxf6 23. Qg4+ Kh8 24. Qh5 Kg7 1/2-1/2

[Event "Zonal 2.5 Absoluto"]
[Site "Asuncion"]
[Date "2009.06.15"]
[Round "6"]
[White "Villalba, Marcelo"]
[Black "Pierrot, Facundo"]
[Result "0-1"]
[WhiteElo "2020"]
[BlackElo "2424"]
[PlyCount "80"]
[EventDate "2009.06.10"]
[EventType "team"]
[EventRounds "9"]
[EventCountry "PAR"]
[SourceDate "2009.06.10"]

1. e4 e5 2. Nf3 Nc6 3. Bc4 Bc5 4. Nc3 Nf6 5. d3 d6 6. Be3 Bb6 7. Qe2 Nd4 8.
Bxd4 exd4 9. Nd5 Nxd5 10. exd5+ Kf8 11. O-O Bd7 12. Qe4 Qf6 13. Qh4 Qxh4 14.
Nxh4 g6 15. a3 Kg7 16. Rfe1 Rhe8 17. Kf1 c5 18. dxc6 bxc6 19. Rxe8 Bxe8 20. b4
a5 21. Rb1 d5 22. Bb3 Kf6 23. Nf3 a4 24. Ba2 Ke7 25. c3 dxc3 26. d4 g5 27. g4
h5 28. h3 hxg4 29. hxg4 Bd7 30. Rc1 f6 31. Rxc3 Kd6 32. Kg2 Bxg4 33. Rd3 Re8
34. Re3 Be6 35. Rd3 Bd7 36. Bb1 Re2 37. Rd2 Rxd2 38. Nxd2 Bxd4 39. Bc2 Bb2 40.
Nb1 c5 0-1

[Event "Zonal 2.5 Absoluto"]
[Site "Asuncion"]
[Date "2009.06.15"]
[Round "6"]
[White "Roselli, Bernardo"]
[Black "Lemos, Damian"]
[Result "0-1"]
[WhiteElo "2379"]
[BlackElo "2512"]
[PlyCount "108"]
[EventDate "2009.06.10"]
[EventType "team"]
[EventRounds "9"]
[EventCountry "PAR"]
[SourceDate "2009.06.10"]

1. d4 d5 2. c4 e6 3. Nc3 c6 4. cxd5 exd5 5. Bf4 Bf5 6. e3 Qb6 7. Qd2 Nf6 8. f3
h5 9. h4 Nbd7 10. Nh3 Be7 11. Nf2 Nf8 12. Bd3 Bxd3 13. Nxd3 Ne6 14. Be5 $11 Nd7
15. Bg3 a5 16. Bf2 a4 17. Rd1 Qa5 18. O-O O-O 19. Qe1 Rfe8 20. Ne2 Qa6 21. Qd2
Rad8 22. Rfe1 Bf8 23. Qc2 g6 24. Nef4 Nxf4 25. Nxf4 Bg7 26. Nd3 Re7 27. Nc5
Nxc5 28. Qxc5 Re6 29. Qc2 Qb5 30. Re2 f5 31. Qd3 Qxd3 32. Rxd3 Rde8 33. Bg3 Bh6
34. Be5 c5 35. b3 c4 36. bxc4 dxc4 37. Rc3 b5 38. f4 Rc8 39. d5 Rxe5 40. fxe5
Bg7 41. Rc1 Bxe5 42. Rb1 Rc5 43. e4 fxe4 44. Rxe4 Rxd5 45. Rbe1 Bd4+ 46. Kh1 b4
47. Re8+ Kf7 48. Rb8 b3 49. Rb7+ Kf6 50. axb3 axb3 51. Rb4 Rc5 52. Rc1 b2 53.
Rb6+ Ke5 54. Re1+ Kd5 0-1

[Event "Zonal 2.5 Absoluto"]
[Site "Asuncion"]
[Date "2009.06.15"]
[Round "6"]
[White "Garcia Cardenas, Pablo"]
[Black "Cubas, Jose Fernando"]
[Result "0-1"]
[WhiteElo "2314"]
[BlackElo "2434"]
[PlyCount "50"]
[EventDate "2009.06.10"]
[EventType "team"]
[EventRounds "9"]
[EventCountry "PAR"]
[SourceDate "2009.06.10"]

1. e4 e6 2. d4 d5 3. Nd2 Be7 4. Ngf3 Nf6 5. Bd3 c5 6. exd5 Qxd5 7. dxc5 Qxc5 8.
O-O O-O 9. Qe2 Nc6 10. c3 Rd8 11. Rd1 Bd7 12. Ne4 Nxe4 13. Qxe4 Qh5 14. g4 Qg6
15. Qf4 f5 16. h3 Be8 17. Ng5 h6 18. Nxe6 Qxe6 19. Be3 Rxd3 20. Rxd3 Ne5 21.
Rd4 Bg5 22. Qg3 Bc6 23. gxf5 Qxf5 24. Bxg5 Nf3+ 25. Kf1 Nxd4 0-1

[Event "Zonal 2.5 Absoluto"]
[Site "Asuncion"]
[Date "2009.06.15"]
[Round "6"]
[White "Lopez Silva, Hugo"]
[Black "Riline, Alejandro"]
[Result "1-0"]
[WhiteElo "2424"]
[BlackElo "2209"]
[PlyCount "93"]
[EventDate "2009.06.10"]
[EventType "team"]
[EventRounds "9"]
[EventCountry "PAR"]
[SourceDate "2009.06.10"]

1. e4 Nf6 2. e5 Nd5 3. d4 d6 4. Nf3 dxe5 5. Nxe5 g6 6. Bc4 c6 7. Nd2 Bg7 8.
Ndf3 O-O 9. O-O Nd7 10. Nd3 N7b6 11. Bb3 Bg4 12. c3 a5 13. a4 Nd7 14. h3 Bxf3
15. Qxf3 e6 16. Re1 Qb6 17. Ba2 Qc7 18. Bd2 Rfe8 19. Re2 Qd6 20. Rae1 Rf8 21.
h4 h6 22. g3 b6 23. Nf4 Rac8 24. Bc4 N7f6 25. g4 Qd7 26. g5 hxg5 27. hxg5 Nh7
28. Qg4 Rfd8 29. Nxd5 cxd5 30. Bb5 Qe7 31. Bf4 Nf8 32. Kg2 Ra8 33. Qg3 Ra7 34.
Rh1 f6 35. gxf6 Bxf6 36. Qg4 g5 37. Bxg5 Bxg5 38. Re5 Qf6 39. Rxg5+ Qxg5 40.
Qxg5+ Rg7 41. Qg3 Rxg3+ 42. fxg3 Kg7 43. Kf3 Nh7 44. Kf4 Nf8 45. Ke5 Kf7 46.
Rf1+ Ke7 47. Rf6 1-0

[Event "Zonal 2.5 Absoluto"]
[Site "Asuncion"]
[Date "2009.06.15"]
[Round "6"]
[White "Pereira, Fabian"]
[Black "Rodriguez, Andres"]
[Result "0-1"]
[WhiteElo "2062"]
[BlackElo "2524"]
[PlyCount "74"]
[EventDate "2009.06.10"]
[EventType "team"]
[EventRounds "9"]
[EventCountry "PAR"]
[SourceDate "2009.06.10"]

1. e4 e5 2. Nf3 Nc6 3. Bb5 a6 4. Ba4 Nf6 5. O-O b5 6. Bb3 Bc5 7. c3 d6 8. d4
Bb6 9. a4 Bg4 10. d5 Ne7 11. Bc2 O-O 12. Re1 Qd7 13. Be3 Bxe3 14. Rxe3 c6 15.
dxc6 Nxc6 16. Na3 Rab8 17. axb5 axb5 18. Qd2 h6 19. h3 Be6 20. Rd1 Rfd8 21. Qe2
b4 22. Nb5 b3 23. Bd3 d5 24. Bb1 Qb7 25. Na3 dxe4 26. Bxe4 Nxe4 27. Rxe4 Rxd1+
28. Qxd1 Rd8 29. Qe2 f6 30. Ra4 Qd7 31. Ra6 Ne7 32. Qb5 Qxb5 33. Nxb5 Rd1+ 34.
Kh2 Bd5 35. Rb6 Rf1 36. Rb8+ Kh7 37. Re8 Nf5 0-1

[Event "Zonal 2.5 Absoluto"]
[Site "Asuncion"]
[Date "2009.06.15"]
[Round "6"]
[White "Valdes Escobar, Alvaro"]
[Black "Kropff, Ricardo"]
[Result "0-1"]
[WhiteElo "2393"]
[BlackElo "2298"]
[PlyCount "48"]
[EventDate "2009.06.10"]
[EventType "team"]
[EventRounds "9"]
[EventCountry "PAR"]
[SourceDate "2009.06.10"]

1. e4 c6 2. d4 d5 3. e5 Bf5 4. Nf3 e6 5. Be2 Nd7 6. O-O h6 7. b3 Ne7 8. c4 g5
9. Nc3 Bg7 10. Be3 O-O 11. cxd5 exd5 12. h4 g4 13. Ne1 h5 14. f3 f6 15. fxg4
hxg4 16. exf6 Nxf6 17. Nd3 Ne4 18. Qe1 Ng6 19. Rxf5 Rxf5 20. Bxg4 Nxh4 21. Nf2
Nxc3 22. Qxc3 Rf8 23. Be6+ Kh8 24. g3 Qd6 0-1

[Event "Zonal 2.5 Absoluto"]
[Site "Asuncion"]
[Date "2009.06.15"]
[Round "6"]
[White "Demaria, Juan Pablo"]
[Black "Latorre, Matias"]
[Result "1-0"]
[WhiteElo "2288"]
[BlackElo "2041"]
[PlyCount "93"]
[EventDate "2009.06.10"]
[EventType "team"]
[EventRounds "9"]
[EventCountry "PAR"]
[SourceDate "2009.06.10"]

1. e4 e5 2. Nf3 Nc6 3. d4 exd4 4. Nxd4 Qh4 5. Nc3 Bb4 6. Be2 Nf6 7. O-O Nxe4 8.
Nf5 Nxc3 9. bxc3 Qf6 10. cxb4 Qxa1 11. b5 Nd8 12. Ba3 Qf6 13. Ne7 c6 14. Re1 d5
15. bxc6 Be6 16. cxb7 Nxb7 17. Nxd5 O-O-O 18. Nxf6 Rxd1 19. Rxd1 gxf6 20. Bb2
Rd8 21. Rxd8+ Nxd8 22. a3 f5 23. f3 Nc6 24. Bc3 Ne7 25. Kf2 Nd5 26. Bd4 a5 27.
c4 Nf4 28. Bf1 Kb7 29. Ke3 Ng6 30. Bf6 Kc6 31. Bd3 Kc5 32. Bd4+ Kc6 33. g3 h5
34. Bc3 Kb6 35. Kd4 f4 36. c5+ Kc6 37. Bxa5 fxg3 38. hxg3 h4 39. Bxg6 h3 40.
Be4+ Kb5 41. Bc7 f5 42. g4 fxg4 43. fxg4 Bxg4 44. Bd6 Bd7 45. Ke3 h2 46. Kd4
Bf5 47. Bh1 1-0

[Event "Zonal 2.5 Absoluto"]
[Site "Asuncion"]
[Date "2009.06.15"]
[Round "6"]
[White "Zacarias, Ruben"]
[Black "Heinichen, John"]
[Result "1-0"]
[WhiteElo "2209"]
[BlackElo "1691"]
[PlyCount "61"]
[EventDate "2009.06.10"]
[EventType "team"]
[EventRounds "9"]
[EventCountry "PAR"]
[SourceDate "2009.06.10"]

1. e4 c5 2. Nf3 e6 3. d4 cxd4 4. Nxd4 a6 5. Bd3 Qb6 6. Nb3 Nc6 7. O-O d6 8. c4
Nf6 9. Nc3 Be7 10. Be3 Qc7 11. Rc1 Ne5 12. Be2 h5 13. h3 b6 14. f4 Ned7 15. Bf3
Bb7 16. Nd4 Nc5 17. Qc2 O-O-O 18. b4 Ncd7 19. Qb2 Kb8 20. Nd5 exd5 21. cxd5 Nc5
22. bxc5 dxc5 23. Nf5 g6 24. Nxe7 Qxe7 25. Qxb6 Nxd5 26. exd5 Qxe3+ 27. Kh1
Qxf4 28. d6 Rd7 29. Bxb7 Qxd6 30. Bc6+ Kc8 31. Bxd7+ 1-0

[Event "Zonal 2.5 Absoluto"]
[Site "Asuncion"]
[Date "2009.06.15"]
[Round "6"]
[White "Daneri, Martin"]
[Black "Gamarra, Ramon"]
[Result "1/2-1/2"]
[WhiteElo "2149"]
[BlackElo "1990"]
[PlyCount "129"]
[EventDate "2009.06.10"]
[EventType "team"]
[EventRounds "9"]
[EventCountry "PAR"]
[SourceDate "2009.06.10"]

1. e4 c5 2. Nf3 e6 3. d3 Nc6 4. g3 g6 5. Bg2 Bg7 6. O-O Nge7 7. c3 O-O 8. d4
cxd4 9. cxd4 d5 10. e5 Bd7 11. Nc3 a6 12. Bf4 Rc8 13. Qd2 Nf5 14. Rfe1 b5 15.
Rad1 Qb6 16. g4 Nfe7 17. Bg5 f6 18. exf6 Bxf6 19. h3 Rf7 20. Bh6 Bg7 21. Be3
Rcf8 22. Ng5 Rf6 23. h4 Qb8 24. Ne2 Qd6 25. Ng3 h6 26. Nh3 Kh7 27. g5 hxg5 28.
Bxg5 R6f7 29. Bxe7 Rxe7 30. Ng5+ Kg8 31. Qd3 Rf6 32. h5 Be8 33. Re2 Qf4 34. Nh3
Qg4 35. hxg6 Rxg6 36. Kh2 Nxd4 37. Ree1 Rh6 38. Re3 Bg6 39. Qf1 Rf7 40. Rd2 Bf6
41. a4 Rfh7 42. axb5 axb5 43. Ra3 Be5 44. Re3 Bf4 45. Rxd4 Bxg3+ 46. Rxg3 Qxd4
47. Qxb5 Qf6 48. Kg1 Rf7 49. f4 Qd4+ 50. Kh2 Qxf4 51. Qe8+ Kg7 52. Qxe6 Qd2 53.
Qe5+ Kh7 54. Qxd5 Qxb2 55. Kg1 Qa1+ 56. Kh2 Qf6 57. Kg1 Qb6+ 58. Kh2 Qc7 59.
Qg5 Re7 60. Kh1 Re1+ 61. Kh2 Qa7 62. Rc3 Qb8+ 63. Qg3 Qxg3+ 64. Kxg3 Re7 65.
Nf4 1/2-1/2

[Event "Zonal 2.5 Absoluto"]
[Site "Asuncion"]
[Date "2009.06.15"]
[Round "6"]
[White "Del Puerto, Rodrigo"]
[Black "Roman, Rodrigo"]
[Result "1-0"]
[WhiteElo "2090"]
[BlackElo "1848"]
[PlyCount "65"]
[EventDate "2009.06.10"]
[EventType "team"]
[EventRounds "9"]
[EventCountry "PAR"]
[SourceDate "2009.06.10"]

1. d4 Nf6 2. c4 g6 3. Nc3 Bg7 4. e4 d6 5. f3 O-O 6. Be3 e5 7. Nge2 Nc6 8. d5
Ne7 9. Qd2 Ne8 10. O-O-O f5 11. Kb1 a6 12. Nc1 Bd7 13. Nb3 Nf6 14. Bd3 Qe8 15.
h3 b5 16. c5 b4 17. Ne2 a5 18. c6 Bc8 19. Qc2 Ba6 20. Bxa6 Rxa6 21. Nd2 a4 22.
Qc4 Qa8 23. Qxb4 Rb8 24. Qc4 f4 25. Bf2 Nc8 26. Nc3 Nb6 27. Qd3 Kh8 28. Kc2 Ra5
29. Rb1 Qa6 30. Qxa6 Rxa6 31. Rhc1 g5 32. b3 axb3+ 33. Rxb3 1-0

[Event "Zonal 2.5 Absoluto"]
[Site "Asuncion"]
[Date "2009.06.15"]
[Round "6"]
[White "Goiriz, Damian"]
[Black "Butti, Enrique"]
[Result "1-0"]
[WhiteElo "2056"]
[BlackElo "2100"]
[PlyCount "55"]
[EventDate "2009.06.10"]
[EventType "team"]
[EventRounds "9"]
[EventCountry "PAR"]
[SourceDate "2009.06.10"]

1. Nf3 c5 2. c4 Nf6 3. d4 e6 4. e3 d5 5. Bd3 dxc4 6. Bxc4 a6 7. O-O b5 8. Bd3
Bb7 9. a4 c4 10. Bc2 Nbd7 11. Qe2 Rc8 12. axb5 axb5 13. e4 b4 14. Nbd2 c3 15.
Nc4 Bxe4 16. Bxe4 Nxe4 17. Qxe4 Rxc4 18. Ra8 Rc8 19. Bg5 Be7 20. Bxe7 Kxe7 21.
Rxc8 Qxc8 22. d5 Qb8 23. dxe6 Nf6 24. Qe3 fxe6 25. bxc3 b3 26. Nd4 Rc8 27. Rb1
b2 28. Qxe6+ 1-0

[Event "Zonal 2.5 Absoluto"]
[Site "Asuncion"]
[Date "2009.06.15"]
[Round "6"]
[White "Perez Ferloni, Jose"]
[Black "Benitez, Jose"]
[Result "1-0"]
[WhiteElo "1916"]
[BlackElo "1939"]
[PlyCount "91"]
[EventDate "2009.06.10"]
[EventType "team"]
[EventRounds "9"]
[EventCountry "PAR"]
[SourceDate "2009.06.10"]

1. d4 Nf6 2. Nf3 e6 3. Bf4 b6 4. e3 Bb7 5. Bd3 Be7 6. Nbd2 d6 7. h3 Nbd7 8. O-O
c5 9. c3 Qc7 10. a3 Rc8 11. Rc1 Qb8 12. b4 cxd4 13. exd4 O-O 14. c4 Qa8 15. Re1
d5 16. c5 Ne4 17. Qa4 Nxd2 18. Bxd2 Nf6 19. Ne5 Bc6 20. b5 Be8 21. cxb6 axb6
22. Qa6 Qxa6 23. bxa6 Ba4 24. a7 Bd6 25. Bb4 Bxb4 26. axb4 Nh5 27. Rxc8 Rxc8
28. Ra1 f6 29. Rxa4 fxe5 30. a8=Q Rxa8 31. Rxa8+ Kf7 32. dxe5 Nf4 33. Ra7+ Kf8
34. Bxh7 Ne2+ 35. Kf1 Nd4 36. Rb7 Nc6 37. Rxb6 Nxe5 38. Rxe6 Nc4 39. b5 Kf7 40.
Rc6 Ne5 41. Rc7+ Ke6 42. b6 Kd6 43. Rxg7 d4 44. b7 Nc6 45. Be4 Nb8 46. h4 1-0

[Event "Zonal 2.5 Absoluto"]
[Site "Asuncion"]
[Date "2009.06.16"]
[Round "7"]
[White "Mareco, Sandro"]
[Black "Felgaer, Ruben"]
[Result "1-0"]
[WhiteElo "2512"]
[BlackElo "2561"]
[PlyCount "75"]
[EventDate "2009.06.10"]
[EventType "team"]
[EventRounds "9"]
[EventCountry "PAR"]
[SourceDate "2009.06.10"]

1. d4 d5 2. c4 c6 3. Nf3 Nf6 4. Nc3 dxc4 5. a4 Bf5 6. Ne5 Nbd7 7. Nxc4 Nb6 8.
Ne5 a5 9. f3 Nfd7 10. Nxd7 Nxd7 11. e4 Bg6 12. Be2 f6 13. O-O e5 14. dxe5 Bc5+
15. Kh1 Nxe5 16. Qc2 Qe7 17. Rd1 Bf7 18. f4 Nd7 19. Bg4 Be6 20. Bxe6 Qxe6 21.
Ne2 O-O-O 22. Rxd7 Rxd7 23. Qxc5 Rd1+ 24. Ng1 Qxe4 25. Ra3 Rhd8 26. Be3 Qb4 27.
Qf5+ Kb8 28. Qc2 Re1 29. Rb3 Qe7 30. Bf2 Rf1 31. Rf3 Rdd1 32. Bc5 Qd7 33. Rxf1
Rxf1 34. Qxh7 Rxf4 35. Qg8+ Kc7 36. Ba7 Qc8 37. Qxg7+ Kd6 38. Qg3 1-0

[Event "Zonal 2.5 Absoluto"]
[Site "Asuncion"]
[Date "2009.06.16"]
[Round "7"]
[White "Lemos, Damian"]
[Black "Morovic, Ivan"]
[Result "1/2-1/2"]
[WhiteElo "2512"]
[BlackElo "2551"]
[PlyCount "31"]
[EventDate "2009.06.10"]
[EventType "team"]
[EventRounds "9"]
[EventCountry "PAR"]
[SourceDate "2009.06.10"]

1. d4 Nf6 2. c4 g6 3. g3 Bg7 4. Bg2 O-O 5. Nc3 d6 6. Nf3 c6 7. O-O Qb6 8. h3
Qa6 9. b3 b5 10. Nd2 Bb7 11. Bb2 bxc4 12. Nxc4 Nbd7 13. Qc2 c5 14. d5 Nb6 15.
Ne3 Nfd7 16. Ncd1 1/2-1/2

[Event "Zonal 2.5 Absoluto"]
[Site "Asuncion"]
[Date "2009.06.16"]
[Round "7"]
[White "Pierrot, Facundo"]
[Black "Flores, Diego"]
[Result "0-1"]
[WhiteElo "2424"]
[BlackElo "2585"]
[PlyCount "102"]
[EventDate "2009.06.10"]
[EventType "team"]
[EventRounds "9"]
[EventCountry "PAR"]
[SourceDate "2009.06.10"]

1. e4 c5 2. Nf3 e6 3. c3 Nf6 4. e5 Nd5 5. Bc4 Nc6 6. O-O d6 7. exd6 Bxd6 8. d4
O-O 9. dxc5 Bxc5 10. Nbd2 Be7 11. Ne4 Qc7 12. Re1 Rd8 13. Qc2 b6 14. Bd2 Bb7
15. Rad1 Rac8 16. Bf1 Rd7 17. Bc1 Rcd8 18. Neg5 Nf6 19. Rxd7 Rxd7 20. Bd3 g6
21. Ne4 Ng4 22. b3 Nce5 23. Nxe5 Nxe5 24. Bf1 Qc6 25. Bf4 Qd5 26. c4 Qd4 27.
Qc3 Nd3 28. Bxd3 Qxc3 29. Nxc3 Rxd3 30. Rd1 Rxd1+ 31. Nxd1 f6 32. Bb8 a6 33.
Nc3 Bc6 34. a3 Kf7 35. Bc7 b5 36. cxb5 axb5 37. Bb6 e5 38. f3 Ke6 39. Kf2 f5
40. g3 h5 41. h4 f4 42. b4 Kf5 43. Bc7 Bf6 44. a4 bxa4 45. b5 e4 46. bxc6 Bxc3
47. Bd6 fxg3+ 48. Kxg3 Be1+ 49. Kh3 Ke6 50. c7 Kd7 51. fxe4 Ba5 0-1

[Event "Zonal 2.5 Absoluto"]
[Site "Asuncion"]
[Date "2009.06.16"]
[Round "7"]
[White "Bachmann, Axel"]
[Black "Lafuente, Pablo"]
[Result "1/2-1/2"]
[WhiteElo "2555"]
[BlackElo "2517"]
[PlyCount "30"]
[EventDate "2009.06.10"]
[EventType "team"]
[EventRounds "9"]
[EventCountry "PAR"]
[SourceDate "2009.06.10"]

1. e4 e5 2. Nf3 Nc6 3. Bb5 a6 4. Ba4 Nf6 5. d3 d6 6. c3 Be7 7. O-O O-O 8. Re1
b5 9. Bc2 Re8 10. Nbd2 Bf8 11. Nf1 h6 12. h3 d5 13. exd5 Qxd5 14. Ng3 Be6 15.
Ne4 Nxe4 1/2-1/2

[Event "Zonal 2.5 Absoluto"]
[Site "Asuncion"]
[Date "2009.06.16"]
[Round "7"]
[White "Rodriguez, Andres"]
[Black "Villalba, Marcelo"]
[Result "1-0"]
[WhiteElo "2524"]
[BlackElo "2020"]
[PlyCount "67"]
[EventDate "2009.06.10"]
[EventType "team"]
[EventRounds "9"]
[EventCountry "PAR"]
[SourceDate "2009.06.10"]

1. d4 Nf6 2. Bg5 e6 3. e4 h6 4. Bxf6 Qxf6 5. Nc3 d6 6. Qd2 g5 7. g3 Bg7 8.
O-O-O Nc6 9. Nb5 Qd8 10. c3 a6 11. Na3 b5 12. Nc2 Bb7 13. Bg2 Na5 14. Ne3 c5
15. d5 e5 16. h4 Bc8 17. Qe2 c4 18. hxg5 Qxg5 19. Nf3 Qd8 20. Bh3 Nb7 21. Bxc8
Rxc8 22. Kb1 Nc5 23. Nf5 Bf8 24. Ne1 Qa5 25. Nc2 Nd3 26. Nce3 Qc7 27. Rd2 a5
28. Ng4 Be7 29. Rxh6 Rxh6 30. Ngxh6 Bg5 31. Qg4 Bxh6 32. Nxh6 Ke7 33. Nf5+ Kd7
34. Nd4+ 1-0

[Event "Zonal 2.5 Absoluto"]
[Site "Asuncion"]
[Date "2009.06.16"]
[Round "7"]
[White "Kropff, Ricardo"]
[Black "Garcia Cardenas, Pablo"]
[Result "1-0"]
[WhiteElo "2298"]
[BlackElo "2314"]
[PlyCount "53"]
[EventDate "2009.06.10"]
[EventType "team"]
[EventRounds "9"]
[EventCountry "PAR"]
[SourceDate "2009.06.10"]

1. c4 Nf6 2. Nc3 e6 3. Nf3 d5 4. e3 c5 5. cxd5 Nxd5 6. d4 cxd4 7. exd4 Be7 8.
Bd3 O-O 9. O-O Nc6 10. a3 Nf6 11. Bc2 b6 12. Qd3 Bb7 13. Re1 Re8 14. d5 exd5
15. Bg5 Ne4 16. Nxe4 dxe4 17. Qxe4 g6 18. Rad1 Qc8 19. Qh4 Bf8 20. Bf6 Ne7 21.
Bb3 Bxf3 22. Bxf7+ Kxf7 23. Qxh7+ Kxf6 24. Rd6+ Kf5 25. gxf3 Rd8 26. Qh3+ Kg5
27. f4+ 1-0